Gimme an 'E' Quiz Stats

Quiz Updated Feb 22, 2015

Also try: Gimme a 'D'
Challenge
Share
Tweet
Embed
Score 0/32 Timer 08:00
0 Plays Today
Hint Answer % Correct
3-Letter Body PartsEar
93.9%
3-Letter Body PartsEye
93.2%
Playing Card SuitsHearts
90.3%
Playing Card SuitsSpades
89.7%
Greek LettersBeta
86.6%
3-Letter Body PartsLeg
79.6%
3-Letter Body PartsToe
76.5%
Countries of OceaniaNew Zealand
76.4%
Seven Deadly SinsGreed
74.8%
Bond Actors by SurnameSean Connery
74.4%
FIFA World Cup WinnersGermany
74.3%
Greek LettersOmega
73.5%
Greek LettersDelta
73%
Seven Deadly SinsEnvy
71%
Greek LettersEpsilon
70%
FIFA World Cup WinnersFrance
67%
Hint Answer % Correct
States on the Mississippi RiverTennessee
63.8%
FIFA World Cup WinnersArgentina
61.9%
States on the Mississippi RiverKentucky
60.9%
FIFA World Cup WinnersEngland
60.5%
Bond Actors by SurnameRoger Moore
57.9%
Greek LettersEta
55.6%
Greek LettersTheta
55.1%
Greek LettersZeta
52.1%
States on the Mississippi RiverMinnesota
49.5%
Taxonomic RanksSpecies
45.4%
Taxonomic RanksGenus
43.2%
Countries of OceaniaPapua New Guinea
42.6%
Seven Deadly SinsPride
41.3%
Countries of OceaniaMicronesia
34.1%
Bond Actors by SurnameGeorge Lazenby
33.3%
Taxonomic RanksOrder
29.7%

You're not logged in!

Compare scores with friends on all Sporcle quizzes.
Join for Free
OR
Log In

You Might Also Like...

Show Comments

Extras

Top Quizzes Today


Score Distribution

Your Account Isn't Verified!

In order to create a playlist on Sporcle, you need to verify the email address you used during registration. Go to your Sporcle Settings to finish the process.

Report this User

Report this user for behavior that violates our Community Guidelines.

Details: